| 000 | 01027nam a22002777a 4500 | ||
|---|---|---|---|
| 001 | BD-DhSAU 9032 | ||
| 003 | BD-DhSAU | ||
| 005 | 20181205132517.0 | ||
| 008 | 150612b20 bg a||||r|||| 000 0 eng d | ||
| 040 | _aBD-DhSAU | ||
| 082 |
_222 _a634.9 _bM3161 |
||
| 100 |
_aMannan , Md. Abdul _4Registration No: 15-06970 |
||
| 245 |
_a Evaluation of different models for vegetablesproduction on rooftop garden/ _cMannan , Md. Abdul _bMs Thesis |
||
| 260 |
_aSher-e- Bangla Agricultural University : _bDepartment of Agroforestry and Environmental Science, _c2016. |
||
| 300 |
_aviii , 54 p. : _bill. , _c30 cm. |
||
| 504 | _aIncludes bibliographical references. | ||
| 590 | _aShofi | ||
| 650 | _aAgroforestry | ||
| 650 | _aEvaluation | ||
| 650 | _aVegetables production | ||
| 650 | _aRooftop garden | ||
| 700 |
_a Hossain , Md. Forhad _eSupervisor |
||
| 700 |
_a Quamruzzaman , AKM _eCo-Supervisor |
||
| 856 |
_uhttp://archive.saulibrary.edu.bd:8080/xmlui/handle/123456789/1815 _yOnline Access |
||
| 942 |
_2ddc _cTHESIS |
||
| 999 |
_c14213 _d14212 |
||